Кукареку. Мюзикл ноты
Маленький мюзикл «Кукареку», персонажами которой выступают Петушок, Наседка, цыплята, Кошка и Хрюшка, знакомит детей с жанрами сольного и хорового пения. Издание адресовано педагогам и ученикам младших классов ДМШ и ДШИ. The little musical „Kukareku“, the characters of which are the Cockerel, Mot...
Сохранить в:
| Hovedforfatter: | |
|---|---|
| Format: | Книга |
| Sprog: | Russian |
| Udgivet: |
Санкт-Петербург
Планета музыки
2023
|
| Fag: | |
| Online adgang: | https://e.lanbook.com/book/338321 https://e.lanbook.com/img/cover/book/338321.jpg |
| Tags: |
Tilføj Tag
Ingen Tags, Vær først til at tagge denne postø!
|
| LEADER | 01851nam0a2200325 i 4500 | ||
|---|---|---|---|
| 001 | 338321 | ||
| 003 | RuSpLAN | ||
| 005 | 20240228125139.0 | ||
| 008 | 240228s2023 ru gs 000 0 rus | ||
| 020 | |a 978-5-507-44300-0 | ||
| 040 | |a RuSpLAN | ||
| 041 | 0 | |a rus | |
| 044 | |a ru | ||
| 080 | |a 782.6 | ||
| 084 | |a 85.988 |2 rubbk | ||
| 245 | 0 | 0 | |a Кукареку. Мюзикл |b ноты |c Карш Н. Н. |
| 260 | |a Санкт-Петербург |b Планета музыки |c 2023 | ||
| 300 | |a 40 с. | ||
| 504 | |a Библиогр.: доступна в карточке книги, на сайте ЭБС Лань | ||
| 520 | 8 | |a Маленький мюзикл «Кукареку», персонажами которой выступают Петушок, Наседка, цыплята, Кошка и Хрюшка, знакомит детей с жанрами сольного и хорового пения. Издание адресовано педагогам и ученикам младших классов ДМШ и ДШИ. The little musical „Kukareku“, the characters of which are the Cockerel, Mother Hen, chickens, Cat and Piggy, introduces children to the genres of solo and choral singing. The edition is addressed to teachers and pupils of junior grades of children’s music schools and children’s schools of arts. | |
| 521 | 8 | |a Книга из коллекции Планета музыки - Музыка и театр | |
| 653 | 0 | |a опера | |
| 653 | 0 | |a опера для детей | |
| 653 | 0 | |a музыкальный спектакль | |
| 653 | 0 | |a сольное пение | |
| 653 | 0 | |a хоровое пение | |
| 100 | 1 | |a Карш Н. Н. | |
| 856 | 4 | |u https://e.lanbook.com/book/338321 | |
| 856 | 4 | 8 | |u https://e.lanbook.com/img/cover/book/338321.jpg |
| 953 | |a https://e.lanbook.com/img/cover/book/338321.jpg | ||